000
00253nam a2200097Ia 4500
008
240331s9999 xx 000 0 und d
082
_b
TAM
100
_a
Tambiah, S.J
245
0
_a
Sri Lanka :
_b
ethnic fraticide and the dismantling of democracy
942
_c
L
999
_c
2053
_d
2053